000 00517nam a2200229Ia 4500
005 20250425162109.0
008 250425s9999 xx 000 0 und d
020 _a9682616314
041 _aspa
082 _a512
100 _aFULLER, WALLACE H.
245 0 _aALGEBRA UNIVERSITARIA
250 _a1A ED.
260 _aEstados Unidos
_bCECSA
_c1986
260 _aS.L.
300 _a418
650 _aALGEBRA
650 _aALGEBRA LINEAL
650 _aALGEBRA VECTORIAL
942 _c01
010 _a49723
999 _c222274
_d222274